|
|
|
|
| LEADER |
00000cam a2200000 7i4500 |
| 001 |
0000085113 |
| 005 |
20140415093000.0 |
| 008 |
130711s2013 my eng |
| 020 |
|
|
|a 9675224991 (paperback : alk. paper)
|
| 020 |
|
|
|a 9789675224997 (paperback : alk. paper)
|
| 050 |
0 |
0 |
|a QC861.3
|b .A86 2013
|
| 090 |
0 |
0 |
|a QC861.3
|b .A86 2013
|
| 245 |
0 |
0 |
|a Atmosphere and ocean :
|b an introduction to Marine Science
|c Than H. Aung ... [et al.]
|
| 260 |
|
|
|a Kota Kinabalu, Sabah :
|b Penerbit Universiti Malaysia Sabah ,
|c c2013
|
| 300 |
|
|
|a xxii, 281 p. :
|b ill. ;
|c 26 cm.
|
| 504 |
|
|
|a Includes bibliographical references (p. 249-250) and index
|
| 505 |
0 |
|
|a 1. Basic physics -- 2. Fundamentals of hydrostatics -- 3. The atmosphere -- 4. Winds and weather -- 5. The hydrosphere -- 6. Sea water characteristics -- 7. Atmosphere-ocean interaction -- 8. Atmosphere-ocean interaction -- 9. Undamentals of waves -- 10. Fundamentals of tides and sea level -- 11. Changing level of the sea -- 12. Coastal processes
|
| 650 |
|
0 |
|a Atmospheric physics
|
| 650 |
|
0 |
|a Oceanography
|
| 700 |
1 |
|
|a Than, H. Aung ,
|e author
|
| 999 |
|
|
|a 1000158058
|b Book
|c OPEN SHELF (30 DAYS)
|e Gong Badak Campus
|